Social Exclusion and European Policy (Record no. 618620)

MARC details
000 -LEADER
fixed length control field 01815nam a22002057a 4500
008 - FIXED-LENGTH DATA ELEMENTS--GENERAL INFORMATION
fixed length control field 260404b |||||||| |||| 00| 0 eng d
020 ## - INTERNATIONAL STANDARD BOOK NUMBER
ISBN 9781840646887
Paper back/Hardbound hbk
041 ## - LANGUAGE CODE
Language code of text/sound track or separate title eng
082 ## - DEWEY DECIMAL CLASSIFICATION NUMBER
Classification number 305.5609
Item number MAY
245 ## - TITLE STATEMENT
Title Social Exclusion and European Policy
Statement of responsibility, etc / David G. Mayes , Jos Berghman , Robert Salais , I. Begg , L. Carmichael , Y. Chassard , T. Choffe, D. Fourage, D. Hudson , Kongshoj P. Madsen,
260 ## - PUBLICATION, DISTRIBUTION, ETC. (IMPRINT)
Name of publisher Edward Elgar Pub
Year of publication 2001.
300 ## - PHYSICAL DESCRIPTION
Number of Pages 250 pages.:
Dimensions 22 cm.
504 ## - BIBLIOGRAPHY, ETC. NOTE
Bibliography, etc Includes index
520 ## - SUMMARY, ETC.
Summary, etc The purpose of this book is to analyse one of the most pressing social problems of recent years, namely exclusion. The authors bring a richness of perspective, drawing on the experiences of eight European countries and a range of disciplines from law and economics through to social policy and political studies. The EU is a special case worthy of study as it may be that the process of integration actually generates both problems and solutions to social exclusion.<br/>The authors focus on what can be achieved by European countries working together and pooling experiences. They show that not only is social exclusion ill-defined but that there are many differing concepts of social exclusion across Europe reflected in health, education, housing and employment. The book reveals the need for a strong dynamic element in policy, producing early and focused action for individuals and groups in society. While rejecting the need for transfers of income between countries, Social Exclusion and European Policy discusses whether there is something extra to be done at the EU level that cannot currently be carried out by member states or through existing co-operation.
650 ## - SUBJECT ADDED ENTRY--TOPICAL TERM
Topical Term sociology
700 ## - ADDED ENTRY--PERSONAL NAME
Personal name M. Matsaganis
Personal name K. Langhoff Roos
942 ## - ADDED ENTRY ELEMENTS (KOHA)
Koha item type Reference
Holdings
Withdrawn status Lost status Damaged status Not for loan Home library Current library Shelving location Date acquired Full call number Accession Number Price effective from Koha item type
        Anna Centenary Library Anna Centenary Library 3RD FLOOR, B WING 04.04.2026 305.5609 MAY 359488 04.04.2026 Reference

Find us on the map